| 000 | 01021nam0a22002531 4500 | ||
|---|---|---|---|
| 001 | rc\4068174 | ||
| 005 | 20250611080113.0 | ||
| 021 |
_aRU _b[46-11927] |
||
| 035 | _a(NLR Aleph) 008117759 | ||
| 090 |
_a9344944 _c9344944 |
||
| 100 | _a20130415d1946 |||y0rusy50 ca | ||
| 101 | 0 | _arus | |
| 102 | _aRU | ||
| 105 | _aa z ||||| | ||
| 200 | 1 |
_a225-летие Таллинской Казанской церкви. [1721-CCXXV-1946] _fСобрал священник Александр Осипов, магистр богословия Тартус. ун-та, настоятель Казанской церкви |
|
| 210 |
_a[Таллин] _cКазан. приход [и Бланкоизд-во] _d1946 _gтип. "Юхисэлу" |
||
| 215 |
_a30 с. _cил. _d20 |
||
| 606 |
_aЦеркви _yТаллин _2psbo |
||
| 700 | 1 |
_aОсипов _bА.А. _f1911-1967 _gАлександр Александрович |
|
| 801 | 0 |
_aRU _bNLR _gpsbo |
|
| 801 | 1 |
_aRU _bELAR _2rusmarc |
|
| 852 |
_aNLR _jР60 Г-4/1 |
||
| 942 | _cBOOK | ||
| 980 | _aNB | ||